| 000 | 00523nam a22001937a 4500 | ||
|---|---|---|---|
| 005 | 20260225112942.0 | ||
| 010 | _aENG-147862 | ||
| 020 |
_a9788186336625 _c500.00 |
||
| 035 | _aEN-131394 | ||
| 037 | _bDBAD | ||
| 082 |
_a921 SAT _21 |
||
| 100 |
_aSatyananda Swami _987442 |
||
| 245 |
_aTirth Yatra 1/ _cSwami Satyananda |
||
| 260 |
_aIndia _bYoga Publication trust _c2013 |
||
| 270 |
_aGanga Darshan Munger Bihar _bMunger |
||
| 300 |
_a376p _c22cm(Pb) |
||
| 760 | _b1 | ||
| 942 |
_2ddc _cEN _h921 _mSAT |
||
| 999 |
_c214904 _d214904 |
||